| 000 | 00859nam a2200265Ia 4500 | ||
|---|---|---|---|
| 003 | OSt | ||
| 005 | 20221005071310.0 | ||
| 006 | a|||||r|||| 00| 0 | ||
| 007 | ta | ||
| 008 | 221004b |||||||| |||| 00| 0 eng d | ||
| 020 |
_a8173052506 _c950 |
||
| 024 | _a82434 | ||
| 037 |
_b9349, 30/03/2005, Aryan Books International _cTextual |
||
| 040 |
_aCRL _cCRL _beng |
||
| 041 |
_2eng _aeng |
||
| 082 | _aV236:71.L, P3 | ||
| 100 | _aChakrabarti Dilip K. | ||
| 245 | 0 |
_aArchaeology of European expansion in India _b Gujarat, c. 16th-18th centuries |
|
| 260 |
_aNew Delhi _bAryan Books International India _c2003 |
||
| 300 |
_a187p. _ccm. |
||
| 650 | _a HISTORY | ||
| 650 |
_aARCHEOLOGY - GUJRAT _9606353 |
||
| 942 |
_hV236:71.L, P3 _cTEXL _2cc |
||
| 999 |
_c977617 _d977617 |
||